| 000 | 01146 a2200205 4500 | ||
|---|---|---|---|
| 005 | 20080909121536.0 | ||
| 008 | 080909t xxu||||| |||| 00| 0 hin d | ||
| 010 | _aHIN-79274 | ||
| 020 |
_a8187077778 _c110.00 |
||
| 035 | _aHN-51620 | ||
| 037 | _bD.B.Act / pub | ||
| 082 | _a133.6 | ||
| 100 | _aद्विवेदी, हरगोविन्द | ||
| 245 |
_aहस्तरेखा विज्ञान _cहरगोविन्द द्विवेदी _b242 चित्रों से युक्त |
||
| 260 |
_aनई दिल्ली _bअजय बुक सर्विस _c2007 |
||
| 270 |
_a4215/1, अंसारी रोड(वेसमैंट), दरियागंज _bनई दिल्ली _e110002 _k23287655 _masagarbh@yahoo.com |
||
| 300 |
_a254पृ _c22 सेमी (अजिल्द) |
||
| 942 |
_adpl _cHN _k133.6 / द्विवेदी _2ddc _h133.6 _mद्विवेदी |
||
| 999 |
_c1465 _d1465 |
||